[Event "22nd European Teams Women"]
[Site "Batumi GEO"]
[Date "2019.10.28"]
[Round "5.15"]
[Board "3"]
[White "Lauterbach, Ingrid"]
[Black "De Seroux, Camille"]
[Result "1/2-1/2"]
[WhiteTitle "WIM"]
[BlackTitle "WFM"]
[WhiteElo "2078"]
[BlackElo "2140"]
[WhiteTeam "England"]
[BlackTeam "Switzerland"]
[WhiteFideId "405221"]
[BlackFideId "1305620"]
[EventDate "2019.10.24"]

1. Nf3 c5 2. c4 Nc6 3. Nc3 g6 4. g3 Bg7 5. Bg2 e6 6. O-O Nge7 7. e3 O-O 8. d4 d6
9. dxc5 dxc5 10. Qxd8 Rxd8 11. Ne4 b6 12. Rb1 Bb7 13. a3 Rd7 14. b3 Na5 15. Ne1
Rad8 16. f4 h5 17. Nf2 Bxg2 18. Kxg2 Nf5 19. Nf3 Kf8 20. h3 Bf6 21. Ne4 Bg7 22.
Nf2 Bf6 23. Ne4 Bg7 24. Nf2 Ne7 25. g4 hxg4 26. hxg4 Nec6 27. Bb2 Bxb2 28. Rxb2
e5 29. f5 gxf5 30. gxf5 f6 31. Rh1 Rg7+ 32. Kf1 Kf7 33. Ke2 Ne7 34. Rh5 Nec6 35.
Rb1 Re8 36. Ne4 Ke7 37. Nh4 Rd8 38. Ng6+ Kf7 39. Nh8+ Ke7 40. Ng6+ Kf7 41. Rh6
Nb7 42. Rbh1 Nd6 43. Nh8+ Ke7 44. Nxd6 Rxd6 45. Rh7 Rxh7 46. Rxh7+ Ke8 47. Ng6
Na5 48. b4 cxb4 49. axb4 Nxc4 50. Rxa7 Rd2+ 51. Ke1 Rg2 52. Re7+ Kd8 53. Re6
Nxe3 54. Rxf6 Nxf5 55. Nxe5 Ng3 56. Kd1 Kc7 57. Rg6 Rg1+ 58. Kc2 Ne2 59. Rxg1
Nxg1 60. Kd3 Nh3 61. Nc4 1/2-1/2

[Event "22nd European Teams Women"]
[Site "Batumi GEO"]
[Date "2019.10.30"]
[Round "6.1"]
[Board "1"]
[White "Mammadzada, Gunay"]
[Black "Goryachkina, Aleksandra"]
[Result "1/2-1/2"]
[WhiteTitle "IM"]
[BlackTitle "GM"]
[WhiteElo "2427"]
[BlackElo "2575"]
[WhiteTeam "Azerbaijan"]
[BlackTeam "Russia"]
[WhiteFideId "13403729"]
[BlackFideId "4147103"]
[EventDate "2019.10.24"]

1. d4 Nf6 2. c4 e6 3. g3 d5 4. Bg2 Bb4+ 5. Bd2 Be7 6. Nf3 O-O 7. O-O Nbd7 8. Qb3
c6 9. Bf4 Nh5 10. Bc1 Nhf6 11. Bf4 Nh5 12. Bc1 Nhf6 13. Bf4 1/2-1/2

[Event "22nd European Teams Women"]
[Site "Batumi GEO"]
[Date "2019.10.30"]
[Round "6.10"]
[Board "3"]
[White "Osmanodja, Filiz"]
[Black "Movsesian, Julia"]
[Result "1/2-1/2"]
[WhiteTitle "WIM"]
[BlackTitle "WGM"]
[WhiteElo "2225"]
[BlackElo "2307"]
[WhiteTeam "Germany"]
[BlackTeam "Slovakia"]
[WhiteFideId "24633569"]
[BlackFideId "4139690"]
[EventDate "2019.10.24"]

1. e4 e5 2. Nf3 Nc6 3. Bb5 a6 4. Ba4 Nf6 5. O-O Be7 6. Re1 b5 7. Bb3 O-O 8. h3
Bb7 9. d3 d6 10. a3 Qd7 11. Nc3 h6 12. Bd2 Rfe8 13. a4 Nd4 14. Nxd4 exd4 15. Ne2
c5 16. Ng3 Rac8 17. axb5 axb5 18. Nf5 d5 19. Qf3 dxe4 20. dxe4 c4 21. Bxh6 Bf8
22. Bxg7 Bxg7 23. Qg3 Nh5 24. Qg4 Kf8 25. Ba2 Rc5 26. Qxh5 Bxe4 27. g4 Bxf5 28.
Rxe8+ Qxe8 29. gxf5 Qe4 30. Qg5 Rxf5 31. Qd8+ Qe8 32. Qxe8+ Kxe8 33. b3 c3 34.
b4 Bf8 35. Rd1 Rf4 36. Bd5 Kd7 37. Bg2 Bxb4 38. Bf1 Kc6 39. Rb1 Kc5 40. Kg2 Rf6
41. Bd3 Rb6 42. h4 Ba3 43. h5 b4 44. Rh1 Rh6 45. Kf3 b3 46. cxb3 Kb4 47. Bc2 Bb2
48. Ke4 Kc5 49. Kf5 Kb4 50. Kg5 Rh8 51. h6 Ka3 52. Rd1 Bc1+ 53. Rxc1 Kb2 54. Rd1
Kxc2 55. Rxd4 Kb2 56. Rc4 c2 57. f4 c1=Q 58. Rxc1 Kxc1 59. b4 Kd2 60. b5 Ke3 61.
b6 Ke4 62. b7 Rb8 63. Kf6 Rxb7 64. h7 Rb8 65. Kxf7 1/2-1/2

[Event "22nd European Teams Women"]
[Site "Batumi GEO"]
[Date "2019.10.30"]
[Round "6.15"]
[Board "4"]
[White "Lehtinen, Helja"]
[Black "Mabille, Natacha"]
[Result "1-0"]
[WhiteElo "1802"]
[BlackElo "1939"]
[WhiteTeam "Finland"]
[BlackTeam "Belgium"]
[WhiteFideId "515566"]
[BlackFideId "218677"]
[EventDate "2019.10.24"]

1. d4 d5 2. c4 c6 3. Nf3 Nf6 4. e3 Bf5 5. b3 e6 6. Bb2 Bb4+ 7. Nbd2 Nbd7 8. Be2
dxc4 9. bxc4 Ne4 10. O-O Qc7 11. Nxe4 Bxe4 12. Bd3 Bxd3 13. Qxd3 Be7 14. a4 O-O
15. Rab1 c5 16. Ba3 Rfd8 17. Rfc1 Bf6 18. Qb3 b6 19. Bb2 Rac8 20. Ra1 cxd4 21.
exd4 e5 22. dxe5 Nxe5 23. Nxe5 Bxe5 24. Bxe5 Qxe5 25. Qc3 Qc5 26. Ra2 h6 27. h3
Rd4 28. Rac2 Rcd8 29. Re1 Rd3 30. Qb2 R8d4 31. Qb5 Rd1 32. Re2 Rxe1+ 33. Rxe1
Qxb5 34. axb5 Rxc4 35. Re8+ Kh7 36. Re7 Rc1+ 37. Kh2 Ra1 38. Rxf7 Ra5 39. Rb7
Rxb5 40. Rxa7 Rb3 41. Rb7 Kg6 42. f3 Kf6 43. Rc7 b5 44. Rc6+ Kf5 45. Kg3 b4 46.
Rc5+ Ke6 47. Rc6+ Kd5 48. Rg6 Rc3 49. Rxg7 Rc5 50. Rh7 Rc6 51. Rb7 Kc4 52. f4 b3
53. f5 Kc3 54. Kf4 Rc4+ 55. Ke5 Rb4 56. Rxb4 Kxb4 57. f6 b2 58. f7 b1=Q 59.
f8=Q+ Kc4 60. Qc8+ 1-0

[Event "22nd European Teams Women"]
[Site "Batumi GEO"]
[Date "2019.10.31"]
[Round "7.1"]
[Board "4"]
[White "Majdan, Joanna"]
[Black "Kashlinskaya, Alina"]
[Result "0-1"]
[WhiteTitle "WGM"]
[BlackTitle "IM"]
[WhiteElo "2352"]
[BlackElo "2481"]
[WhiteTeam "Poland"]
[BlackTeam "Russia"]
[WhiteFideId "1121979"]
[BlackFideId "4198026"]
[EventDate "2019.10.24"]

1. e4 e5 2. Nf3 Nf6 3. Nxe5 d6 4. Nf3 Nxe4 5. d4 d5 6. Bd3 Bd6 7. O-O O-O 8. Re1
Bf5 9. Nbd2 Re8 10. Nf1 Bg6 11. Ne3 c6 12. c4 Na6 13. a3 Nc7 14. c5 Bf8 15. Bf1
Bh5 16. g4 Bg6 17. Ng2 Ne6 18. Be3 f6 19. Nfh4 Bf7 20. f3 N4g5 21. Qc2 Qc7 22.
Kh1 g6 23. Bd3 Bg7 24. Rf1 Re7 25. f4 Ne4 26. f5 Nf8 27. Rae1 g5 28. Nf3 h5 29.
gxh5 Bxh5 30. Nd2 Nxd2 31. Qxd2 Nh7 32. Qf2 Rae8 33. Kg1 Bh6 34. Bd2 Nf8 35.
Rxe7 Rxe7 36. b4 b5 37. a4 a6 38. Ra1 Qb8 39. axb5 axb5 40. Ra6 Qc8 41. Ra3 Qe8
42. Qg3 Be2 43. Bc2 Kh7 44. Ra6 Bh5 45. Be3 Kh8 46. Kf2 Qc8 47. Ra1 Qd8 48. Qh3
Qe8 49. Bd1 g4 50. Bxg4 Bxg4 51. Qxh6+ Nh7 52. Nh4 Rg7 53. Rg1 Qe4 54. Qf4 Qc2+
55. Bd2 Ng5 56. Qb8+ Kh7 0-1

[Event "22nd European Teams Women"]
[Site "Batumi GEO"]
[Date "2019.10.31"]
[Round "7.2"]
[Board "1"]
[White "Dzagnidze, Nana"]
[Black "Mammadzada, Gunay"]
[Result "1-0"]
[WhiteTitle "GM"]
[BlackTitle "IM"]
[WhiteElo "2502"]
[BlackElo "2427"]
[WhiteTeam "Georgia"]
[BlackTeam "Azerbaijan"]
[WhiteFideId "13601903"]
[BlackFideId "13403729"]
[EventDate "2019.10.24"]

1. c4 c5 2. Nc3 g6 3. g3 Bg7 4. Bg2 Nc6 5. Nf3 d6 6. O-O e6 7. e3 Nge7 8. d4 O-O
9. d5 Na5 10. Nd2 Rb8 11. Rb1 b6 12. Qc2 exd5 13. cxd5 c4 14. Rd1 b5 15. b4 cxb3
16. Nxb3 Bf5 17. Ne4 Rc8 18. Qe2 Nc4 19. Nd4 a6 20. a4 bxa4 21. Nxf5 Nxf5 22.
Rb4 Nb6 23. Qxa6 Nxd5 24. Rb7 Ra8 25. Qd3 Nf6 26. Ba3 Qc8 27. Rc1 Qd8 28. Nxf6+
Bxf6 29. Bd5 Rc8 30. Rc4 Rxc4 31. Bxc4 Qa5 32. Kg2 Kg7 33. e4 Ne7 34. Bxd6 Rd8
35. e5 Bxe5 36. Rxe7 Bxd6 37. Qd4+ Kh6 38. Rxf7 Be5 39. Qh4# 1-0

[Event "22nd European Teams Women"]
[Site "Batumi GEO"]
[Date "2019.10.31"]
[Round "7.2"]
[Board "2"]
[White "Balajayeva, Khanim"]
[Black "Javakhishvili, Lela"]
[Result "1/2-1/2"]
[WhiteTitle "WGM"]
[BlackTitle "IM"]
[WhiteElo "2368"]
[BlackElo "2457"]
[WhiteTeam "Azerbaijan"]
[BlackTeam "Georgia"]
[WhiteFideId "13406396"]
[BlackFideId "13601458"]
[EventDate "2019.10.24"]

1. e4 d6 2. d4 g6 3. Nc3 Nf6 4. Nf3 c6 5. a4 Nbd7 6. Be2 Bg7 7. O-O O-O 8. a5
Qc7 9. Be3 Rb8 10. h3 b5 11. axb6 axb6 12. d5 Nc5 13. dxc6 Ncxe4 14. Nxe4 Nxe4
15. Qd5 Nc5 16. Nd4 Bxd4 17. Bxd4 e5 18. Bc3 Be6 19. Qf3 f5 20. b4 Ne4 21. b5
Ng5 22. Qg3 Ne4 23. Qf3 Ng5 24. Qg3 Ne4 25. Qf3 Ng5 1/2-1/2

[Event "22nd European Teams Women"]
[Site "Batumi GEO"]
[Date "2019.10.31"]
[Round "7.2"]
[Board "3"]
[White "Khotenashvili, Bela"]
[Black "Mammadova, Gulnar"]
[Result "1-0"]
[WhiteTitle "GM"]
[BlackTitle "IM"]
[WhiteElo "2446"]
[BlackElo "2369"]
[WhiteTeam "Georgia"]
[BlackTeam "Azerbaijan"]
[WhiteFideId "13602640"]
[BlackFideId "13403508"]
[EventDate "2019.10.24"]

1. d4 g6 2. c4 Bg7 3. Nc3 d6 4. Nf3 Nd7 5. g3 e5 6. Bg2 Ne7 7. O-O O-O 8. dxe5
dxe5 9. Qc2 Nf5 10. e3 Nd6 11. b3 e4 12. Nd2 f5 13. Ba3 Re8 14. Rad1 Nf7 15. f3
exf3 16. Nxf3 c6 17. Rfe1 Qa5 18. Bb2 Nf6 19. Na4 Ng4 20. Bxg7 Kxg7 21. h3 Nge5
22. Nxe5 Qxe5 23. Qf2 Nd6 24. Qf4 Nf7 25. Qd4 Be6 26. Nc5 Re7 27. Nxb7 Rxb7 28.
Bxc6 Rab8 29. Bxb7 Rxb7 30. e4 Qxd4+ 31. Rxd4 Ng5 32. Kg2 fxe4 33. h4 Nf3 34.
Rdxe4 Nxe1+ 35. Rxe1 Bg4 36. Re4 h5 37. c5 Rd7 38. Ra4 Kf6 39. Ra6+ Ke5 40. b4
Rd2+ 41. Kg1 Rb2 42. Rxg6 Rxa2 43. b5 Kd4 44. c6 Ke3 45. c7 Ra1+ 46. Kh2 Bf3 47.
Re6+ Kf2 48. Re2+ Kxe2 1-0

[Event "22nd European Teams Women"]
[Site "Batumi GEO"]
[Date "2019.10.31"]
[Round "7.2"]
[Board "4"]
[White "Mamedjarova, Turkan"]
[Black "Arabidze, Meri"]
[Result "1/2-1/2"]
[WhiteTitle "WGM"]
[BlackTitle "IM"]
[WhiteElo "2314"]
[BlackElo "2398"]
[WhiteTeam "Azerbaijan"]
[BlackTeam "Georgia"]
[WhiteFideId "13402005"]
[BlackFideId "13604040"]
[EventDate "2019.10.24"]

1. d4 Nf6 2. Nf3 d5 3. c4 e6 4. Nc3 Nbd7 5. cxd5 exd5 6. Bg5 c6 7. e3 h6 8. Bh4
g5 9. Bg3 Nh5 10. Be5 Nxe5 11. Nxe5 Nf6 12. Bd3 Bd6 13. f4 Qe7 14. Qc2 Ng4 15.
Qe2 h5 16. h3 Nxe5 17. fxe5 Bb4 18. a3 Bxc3+ 19. bxc3 Be6 20. Rf1 Rh6 21. Bf5
O-O-O 22. Qf3 f6 23. Bxe6+ Qxe6 24. exf6 Rxf6 25. Qxf6 Qxe3+ 26. Kd1 Qd3+ 27.
Kc1 Qxc3+ 28. Kb1 Qb3+ 29. Kc1 Qc3+ 30. Kb1 Qb3+ 31. Kc1 1/2-1/2

[Event "22nd European Teams Women"]
[Site "Batumi GEO"]
[Date "2019.10.31"]
[Round "7.3"]
[Board "1"]
[White "Ushenina, Anna"]
[Black "Batsiashvili, Nino"]
[Result "1/2-1/2"]
[WhiteTitle "GM"]
[BlackTitle "GM"]
[WhiteElo "2431"]
[BlackElo "2422"]
[WhiteTeam "Ukraine"]
[BlackTeam "Georgia 2"]
[WhiteFideId "14110911"]
[BlackFideId "13602993"]
[EventDate "2019.10.24"]

1. d4 Nf6 2. c4 e6 3. Nc3 Bb4 4. Qc2 d5 5. a3 Bxc3+ 6. Qxc3 c5 7. dxc5 d4 8. Qc2
e5 9. Bg5 h6 10. Bh4 O-O 11. e3 Nc6 12. O-O-O Qe7 13. Nf3 g5 14. Bg3 dxe3 15.
Rd6 exf2 16. Bxf2 Rd8 17. Rxd8+ Nxd8 18. h4 g4 19. Nd2 Ne6 20. Ne4 Nd4 21. Bxd4
exd4 22. Nxf6+ Qxf6 23. Bd3 Be6 24. Qe2 Rc8 25. b4 b6 26. cxb6 axb6 27. Kb1 Bf5
28. Rf1 Bxd3+ 29. Qxd3 Qe6 30. Rc1 Rd8 31. g3 Qe5 32. Rd1 Rd6 33. Kb2 Rf6 34.
Qxd4 Rf2+ 35. Kb3 Qxg3+ 36. Ka4 Qxh4 37. Re1 Qf6 38. Re8+ Kh7 39. Qe4+ Qf5 40.
Qd4 Qf6 41. Qe4+ Qg6 42. Qa8 Qg7 43. Qe4+ Qg6 44. Qa8 Qf6 45. Qe4+ Qf5 46. Qd4
Qf6 1/2-1/2

[Event "22nd European Teams Women"]
[Site "Batumi GEO"]
[Date "2019.10.31"]
[Round "7.3"]
[Board "2"]
[White "Khomeriki, Nino"]
[Black "Gaponenko, Inna"]
[Result "0-1"]
[WhiteTitle "WGM"]
[BlackTitle "IM"]
[WhiteElo "2315"]
[BlackElo "2427"]
[WhiteTeam "Georgia 2"]
[BlackTeam "Ukraine"]
[WhiteFideId "13603191"]
[BlackFideId "14101181"]
[EventDate "2019.10.24"]

1. Nf3 d5 2. g3 c6 3. Bg2 Bf5 4. d3 e6 5. O-O Nf6 6. Nh4 Bg4 7. h3 Bh5 8. f4
Bc5+ 9. Kh1 Nfd7 10. Qe1 f5 11. e4 O-O 12. Nd2 Na6 13. Nb3 Bb6 14. Be3 Qf6 15.
Rb1 dxe4 16. dxe4 fxe4 17. Nd2 Qe7 18. a3 Nf6 19. Bxb6 axb6 20. Nxe4 Nxe4 21.
Qxe4 Rfe8 22. Rbe1 Qf6 23. Qe5 Qxe5 24. Rxe5 Bf7 25. Nf3 Rad8 26. Rfe1 Nc5 27.
R5e2 Na4 28. b3 Nc3 29. Re5 Bg6 30. Kh2 h6 31. h4 Rd1 32. Rxd1 Nxd1 33. g4 Nf2
34. Kg3 Ne4+ 35. Kh2 Nf2 36. Bh3 Bxc2 37. Nd4 Bd1 38. f5 Nxg4+ 39. Bxg4 Bxg4 40.
Kg3 h5 41. Kf4 Kf7 42. Nxe6 Kf6 43. Nc5 Rxe5 44. Nd7+ Ke7 45. Nxe5 Bd1 46. Kg5
Bxb3 47. Kg6 Kd6 48. Nf3 Bd5 49. Ng1 Ke5 50. Ne2 Bf3 51. Ng3 Kf4 52. Nf1 Be4 53.
Nd2 Bxf5+ 54. Kxh5 Bd3 55. a4 Kf5 56. Nf3 Be2 0-1

[Event "22nd European Teams Women"]
[Site "Batumi GEO"]
[Date "2019.10.31"]
[Round "7.3"]
[Board "3"]
[White "Buksa, Nataliya"]
[Black "Gvetadze, Sofio"]
[Result "1/2-1/2"]
[WhiteTitle "IM"]
[BlackTitle "IM"]
[WhiteElo "2410"]
[BlackElo "2297"]
[WhiteTeam "Ukraine"]
[BlackTeam "Georgia 2"]
[WhiteFideId "14123622"]
[BlackFideId "13601440"]
[EventDate "2019.10.24"]

1. e4 c5 2. Nf3 g6 3. c3 Bg7 4. d4 cxd4 5. cxd4 d5 6. e5 a6 7. h3 Nc6 8. Nc3 f6
9. Bf4 fxe5 10. dxe5 d4 11. Ne2 Nxe5 12. Nxe5 Bxe5 13. Bxe5 Qa5+ 14. b4 Qxe5 15.
Qxd4 Qf6 16. g3 Bd7 17. Bg2 Qxd4 18. Nxd4 O-O-O 19. O-O Kb8 20. Nb3 Nh6 21. Rfe1
Rhe8 22. Na5 Bc8 23. b5 axb5 24. Rab1 Nf5 25. Rxb5 Nd4 26. Rb2 Rd7 27. Nxb7 Ka7
28. Nc5 Rc7 29. Re5 Rf8 30. Nd3 Nf3+ 31. Bxf3 Rxf3 32. Ra5+ Ba6 33. Nc5 Rf6 34.
Rb4 Rfc6 35. Nb3 Rc4 36. Rxc4 Rxc4 37. Nc5 Kb6 38. Rxa6+ Kxc5 39. Re6 Kd5 40.
Rxe7 h5 41. Ra7 Ke6 42. h4 Kf6 43. Ra3 Kg7 44. Kg2 Rc2 45. Kf3 Rb2 46. Ke3 Kh6
47. Ra8 Rb1 48. a4 Rb3+ 49. Ke4 Rb2 50. f3 Rb4+ 51. Ke5 Kh7 52. Ra7+ Kh6 53. Kd5
Rb2 54. g4 hxg4 55. fxg4 Rb4 56. g5+ Kh5 57. Kc5 Rxa4 58. Rh7+ Kg4 59. Kd6 Re4
60. Rh6 Kf5 61. Rh8 Kg4 62. Rh6 1/2-1/2

[Event "22nd European Teams Women"]
[Site "Batumi GEO"]
[Date "2019.10.31"]
[Round "7.3"]
[Board "4"]
[White "Mikadze, Miranda"]
[Black "Osmak, Iulija"]
[Result "1/2-1/2"]
[WhiteTitle "WGM"]
[BlackTitle "IM"]
[WhiteElo "2279"]
[BlackElo "2409"]
[WhiteTeam "Georgia 2"]
[BlackTeam "Ukraine"]
[WhiteFideId "13603108"]
[BlackFideId "14101602"]
[EventDate "2019.10.24"]

1. e4 e6 2. d4 d5 3. Bd3 dxe4 4. Bxe4 Nf6 5. Bf3 c5 6. Ne2 Nc6 7. Be3 cxd4 8.
Nxd4 Ne5 9. Nc3 a6 10. O-O Bd6 11. a4 O-O 12. Be2 Bd7 13. Nb3 Qc7 14. a5 Rac8
15. Bg5 Be7 16. Qc1 Bc6 17. Nd4 Rfd8 18. Rd1 Neg4 19. g3 Be8 20. Bf3 h6 21. Bxf6
Nxf6 22. Nb3 Bb4 23. Rxd8 Rxd8 24. Ne4 Nd5 25. c4 Ne7 26. c5 Rd3 27. Bd1 Bb5 28.
Nd6 Nc6 29. Nxb5 axb5 30. a6 bxa6 31. Rxa6 Rd8 32. Be2 Ne5 33. Rb6 Nd3 34. Qe3
Nxc5 35. Rxb5 Nxb3 36. Rxb4 Qc1+ 37. Qxc1 Nxc1 38. Ba6 Rd2 39. Rb8+ Kh7 40. b4
Nd3 41. Bxd3+ Rxd3 42. h4 Kg6 43. b5 Rb3 44. Kf1 Rb2 45. Kg2 Rb3 46. Rb7 Kf6 47.
b6 g5 48. hxg5+ hxg5 49. g4 1/2-1/2

[Event "22nd European Teams Women"]
[Site "Batumi GEO"]
[Date "2019.10.31"]
[Round "7.4"]
[Board "1"]
[White "Mkrtchian, Lilit"]
[Black "Rapport, Jovana"]
[Result "1-0"]
[WhiteTitle "IM"]
[BlackTitle "WGM"]
[WhiteElo "2402"]
[BlackElo "2379"]
[WhiteTeam "Armenia"]
[BlackTeam "Serbia"]
[WhiteFideId "13300601"]
[BlackFideId "937266"]
[EventDate "2019.10.24"]

1. Nf3 Nf6 2. c4 g6 3. Nc3 Bg7 4. d4 O-O 5. e4 d6 6. Be2 e5 7. O-O Nbd7 8. Be3
Qe7 9. Qc2 c6 10. Rfe1 Ng4 11. Bg5 Bf6 12. Bxf6 Ngxf6 13. Rad1 Nh5 14. Bf1 Nb6
15. h3 Nf4 16. Qd2 Qf6 17. Qe3 Re8 18. a4 Nd7 19. g3 Nh5 20. a5 Ng7 21. Rd2 Qd8
22. b4 b6 23. Ra1 Rb8 24. d5 cxd5 25. Nxd5 Re6 26. axb6 axb6 27. h4 Nf6 28. Ng5
Re8 29. Qf3 Ngh5 30. Ra7 Bg4 31. Qd3 Be6 32. Nc7 Ng7 33. Ncxe6 fxe6 34. Nf7 Qc8
35. Nh6+ Kh8 36. Nf7+ Kg8 37. Nxd6 Qc6 38. Nxe8 Ngxe8 39. Bh3 Ng7 40. Qd6 Rc8
41. Qe7 Nfh5 42. Rd8+ 1-0

[Event "22nd European Teams Women"]
[Site "Batumi GEO"]
[Date "2019.10.31"]
[Round "7.4"]
[Board "2"]
[White "Eric, Jovana"]
[Black "Danielian, Elina"]
[Result "0-1"]
[WhiteTitle "WGM"]
[BlackTitle "GM"]
[WhiteElo "2285"]
[BlackElo "2385"]
[WhiteTeam "Serbia"]
[BlackTeam "Armenia"]
[WhiteFideId "938238"]
[BlackFideId "13300210"]
[EventDate "2019.10.24"]

1. e4 d6 2. d4 Nf6 3. Nc3 g6 4. Be3 c6 5. Nf3 Qc7 6. h3 Nbd7 7. Qd2 Bg7 8. Bd3
O-O 9. O-O b5 10. a4 b4 11. Ne2 c5 12. c3 bxc3 13. bxc3 Bb7 14. Ng3 Rfc8 15. Bh6
cxd4 16. Bxg7 Kxg7 17. cxd4 Qc3 18. Qe3 h6 19. Nh4 e6 20. Ne2 Qa5 21. f4 Ba6 22.
f5 Bxd3 23. Qxd3 exf5 24. Rxf5 gxf5 25. Nxf5+ Kh8 26. Qe3 Rg8 27. Qxh6+ Nh7 28.
Nxd6 Rg7 29. h4 Rag8 30. Nf4 Qc3 31. Rd1 Qc2 32. Rd2 Qc1+ 33. Kh2 Nf6 34. Nxf7+
Rxf7 35. Ng6+ Rxg6 36. Qxg6 Rg7 0-1

[Event "22nd European Teams Women"]
[Site "Batumi GEO"]
[Date "2019.10.31"]
[Round "7.4"]
[Board "3"]
[White "Gevorgyan, Maria"]
[Black "Injac, Teodora"]
[Result "0-1"]
[WhiteTitle "WIM"]
[BlackTitle "WIM"]
[WhiteElo "2260"]
[BlackElo "2257"]
[WhiteTeam "Armenia"]
[BlackTeam "Serbia"]
[WhiteFideId "13300270"]
[BlackFideId "932400"]
[EventDate "2019.10.24"]

1. e4 c5 2. Nc3 d6 3. d4 cxd4 4. Qxd4 Nc6 5. Qd2 g6 6. b3 Bh6 7. f4 Nf6 8. Bb2
a5 9. h3 e5 10. Nge2 Nh5 11. g3 O-O 12. Rg1 Be6 13. O-O-O Qb6 14. Kb1 a4 15.
Nxa4 Rxa4 16. bxa4 Ra8 17. Rg2 Rxa4 18. Nc1 exf4 19. g4 Bg7 20. Nb3 Nf6 21. Bd3
Qa7 22. a3 Rxa3 23. e5 Nd5 24. Bc4 Ncb4 25. c3 Bxe5 26. Rc1 Ne3 27. Bxe6 fxe6
28. Nd4 Nc4 29. Qe2 Rb3 30. Rc2 Qa2+ 31. Kc1 Rxb2 32. Rxb2 Qa1+ 33. Rb1 Qxc3+
34. Nc2 Nd3+ 35. Kd1 f3 36. Qxf3 Ndb2+ 37. Ke2 Qxc2+ 38. Kf1 Qxb1+ 39. Kf2 Nd3+
40. Ke2 Nf4+ 0-1

[Event "22nd European Teams Women"]
[Site "Batumi GEO"]
[Date "2019.10.31"]
[Round "7.4"]
[Board "4"]
[White "Velikic, Adela"]
[Black "Sargsyan, Anna M."]
[Result "1/2-1/2"]
[WhiteTitle "WIM"]
[BlackTitle "WFM"]
[WhiteElo "2275"]
[BlackElo "2242"]
[WhiteTeam "Serbia"]
[BlackTeam "Armenia"]
[WhiteFideId "913553"]
[BlackFideId "13308130"]
[EventDate "2019.10.24"]

1. d4 d5 2. c4 c6 3. Nc3 Nf6 4. cxd5 cxd5 5. f3 e6 6. e4 dxe4 7. fxe4 Nc6 8. Nf3
Bb4 9. Bd3 h6 10. Bc2 Qc7 11. e5 Nd5 12. Bd2 Bxc3 13. bxc3 Na5 14. Bd3 Bd7 15.
Qe2 Rc8 16. Rc1 Nc4 17. O-O b5 18. Nh4 Rf8 19. Be1 Bc6 20. Bxc4 bxc4 21. Bd2 Nb6
22. Qg4 Qe7 23. Nf3 g5 24. Qh5 Kd7 25. Qxh6 Rg8 26. Nxg5 Rg6 27. Qxg6 fxg6 28.
Rf7 Qxf7 29. Nxf7 Rb8 30. Rf1 Nc8 31. Bg5 Rb2 32. Rf2 Rb1+ 33. Rf1 Rb2 34. Rf2
Rb1+ 35. Rf1 1/2-1/2

[Event "22nd European Teams Women"]
[Site "Batumi GEO"]
[Date "2019.10.31"]
[Round "7.5"]
[Board "1"]
[White "Hoang, Thanh Trang"]
[Black "Milliet, Sophie"]
[Result "1/2-1/2"]
[WhiteTitle "GM"]
[BlackTitle "IM"]
[WhiteElo "2414"]
[BlackElo "2400"]
[WhiteTeam "Hungary"]
[BlackTeam "France"]
[WhiteFideId "12400149"]
[BlackFideId "623725"]
[EventDate "2019.10.24"]

1. d4 Nf6 2. Nf3 g6 3. Bf4 Bg7 4. e3 O-O 5. Be2 d6 6. O-O Nh5 7. Bg5 h6 8. Bh4
g5 9. Nfd2 Nf4 10. exf4 gxh4 11. c3 Nd7 12. Nf3 e5 13. fxe5 dxe5 14. Nbd2 exd4
15. Nxd4 Nb6 16. N2b3 h3 17. g3 c5 18. Nf3 Qc7 19. Qc2 Be6 20. Rfe1 Nd5 21. Bd3
Ne7 22. Nh4 Kh8 23. Be4 Rad8 24. Rad1 b6 25. Nc1 Bf6 26. Nf5 Nxf5 27. Bxf5 Qc6
28. Be4 Qc7 29. Bf5 Qc6 30. Be4 Qc7 31. Bf5 1/2-1/2

[Event "22nd European Teams Women"]
[Site "Batumi GEO"]
[Date "2019.10.31"]
[Round "7.5"]
[Board "2"]
[White "Guichard, Pauline"]
[Black "Gara, Anita"]
[Result "1-0"]
[WhiteTitle "IM"]
[BlackTitle "IM"]
[WhiteElo "2407"]
[BlackElo "2366"]
[WhiteTeam "France"]
[BlackTeam "Hungary"]
[WhiteFideId "639370"]
[BlackFideId "709751"]
[EventDate "2019.10.24"]

1. d4 d6 2. Nf3 f5 3. c4 Nf6 4. Nc3 g6 5. g3 Bg7 6. Bg2 O-O 7. O-O c6 8. b3 Na6
9. Bb2 Qc7 10. d5 e5 11. dxe6 Bxe6 12. Ng5 Bd7 13. h4 Rad8 14. Qd2 Bc8 15. Rad1
Qe7 16. e3 h6 17. Nh3 Nc5 18. Qc2 Rfe8 19. b4 Nce4 20. Nf4 Nxg3 21. fxg3 Qxe3+
22. Qf2 Ng4 23. Qxe3 Nxe3 24. Nxg6 Nxc4 25. Ba1 Ne3 26. Nf4 Nxd1 27. Rxd1 Re3
28. Nce2 Bxa1 29. Rxa1 Ra3 30. b5 Bd7 31. Rd1 d5 32. Rd2 Re8 33. Kf2 Kf7 34. Nd3
Kf6 35. Nc5 Bc8 36. Nb3 cxb5 37. Ned4 Bd7 38. Bxd5 b6 39. Nc1 Rc3 40. Nce2 Rc7
41. Nf4 Rc5 42. Bb3 Bc8 43. Nde2 Rc6 44. Nd4 Rc5 45. Nf3 Rc6 46. Rd5 Be6 47. Nd4
Rc5 48. Ndxe6 Rxd5 49. Nxd5+ Ke5 50. Ndc7 Rc8 51. Nxb5 a5 52. Nbc7 b5 53. a3 a4
54. Ba2 Rb8 55. Na6 Rb6 56. Nb4 Rd6 57. Ke2 Ke4 58. Bb1+ Ke5 59. Nc7 Rg6 60. Kf3
Rb6 61. Bd3 Kd4 62. Nxb5+ Kc5 63. Nc3 Kd4 64. Ne2+ Ke5 65. Bc2 Rd6 66. Bxa4 Kf6
67. Bc2 Rd8 68. a4 Ra8 69. Nc6 Ra6 70. Ned4 1-0

[Event "22nd European Teams Women"]
[Site "Batumi GEO"]
[Date "2019.10.31"]
[Round "7.5"]
[Board "3"]
[White "Lazarne Vajda, Szidonia"]
[Black "Navrotescu, Andreea-Cristiana"]
[Result "0-1"]
[WhiteTitle "IM"]
[BlackTitle "WIM"]
[WhiteElo "2353"]
[BlackElo "2241"]
[WhiteTeam "Hungary"]
[BlackTeam "France"]
[WhiteFideId "723894"]
[BlackFideId "675946"]
[EventDate "2019.10.24"]

1. Nf3 c5 2. c4 Nc6 3. d4 cxd4 4. Nxd4 Nf6 5. Nc3 e6 6. g3 Qb6 7. Ndb5 Ne5 8.
Bf4 d6 9. Bg2 a6 10. Na4 Qa5+ 11. Bd2 Qd8 12. Na3 Rb8 13. Qb3 Bd7 14. Nc3 Bc6
15. O-O Bxg2 16. Kxg2 Be7 17. Rfd1 Qc7 18. Rac1 O-O 19. f3 Nfd7 20. Ncb1 f5 21.
Qe3 Rbe8 22. f4 Ng4 23. Qf3 Nc5 24. h3 Nf6 25. b4 Nce4 26. Be3 Kh8 27. Nd2 e5
28. Nf1 Nd7 29. Nb1 exf4 30. gxf4 Rf6 31. Nc3 Rg6+ 32. Kh2 Ndf6 33. Nd5 Nxd5 34.
Rxd5 Bh4 35. Rxf5 Ng3 36. Nxg3 Rxg3 37. Qe4 Qc8 38. Qd4 Qxf5 0-1